000 00946nas a2200301 4500
001 BR9500901
003 BR-BrBNA
005 20231205093849.0
007 ta
008 230509b bl.|||p| |||| 00| 00por d
040 _aBR-BrBNA
_bpor
_cBiblioteca Nacional de Agricultura
041 _a(Pt)
072 _aP35
100 1 _aGomes, P.C.
100 1 _aMoura Filho, W.
100 1 _aCosta, L.M. da
100 1 _aFontes, M.P.F.
245 1 _aInfluencia da cobertura vegetal na formacao e evolucao do humus e sua relacao com o grau de floculacao de um latossolo vermelho-amarelo do municipio de Vicosa, Minas Gerais
650 _aSolo
650 _aEucalipto
650 _aPastagem
650 _aCobertura Vegetal
650 _aHumus
650 _aProducao
773 0 _tRevista Ceres (Brazil)
_xISSN 0034-737X
_g(May-Jun 1994), v. 41(235) p. 223-233
_wBR9500901
909 _a202311
_bLúcia
_c55
_dLúcia Elande
942 _2AGRIS
_n0
_cANA
999 _c140801
_d140801